Ε.Ο.Ν. : η φασιστική νεολαία Μεταξά
Αποθηκεύτηκε σε:
| Άλλοι συγγραφείς: | |
|---|---|
| Μορφή: | Βιβλίο |
| Γλώσσα: | Greek |
| Δημοσίευση: |
Θεσσαλονίκη :
University Studio Press,
2000.
|
| Σειρά: | Ιστορικο-πολιτικά ντοκουμέντα (University Studio Press)
; 4 |
| Θέματα: | |
| Ετικέτες: |
Προσθήκη ετικέτας
Δεν υπάρχουν, Καταχωρήστε ετικέτα πρώτοι!
|
MARC
| LEADER | 00000cam a2200000 i 4500 | ||
|---|---|---|---|
| 001 | 1/83190 | ||
| 008 | 080418s2000 gr | ||| |||| ||gre|| | ||
| 020 | |a 960120881X | ||
| 035 | |l 10096865 | ||
| 040 | |a GR-MY-UA |b gre |e aacr | ||
| 041 | 0 | |a gre | |
| 082 | 7 | |a 324.2495 |2 (22) | |
| 245 | 0 | 0 | |a Ε.Ο.Ν. : |b η φασιστική νεολαία Μεταξά / |c εισαγωγή, επιμέλεια: Παύλος Πετρίδης. |
| 260 | |a Θεσσαλονίκη : |b University Studio Press, |c 2000. | ||
| 300 | |a 399 σ. : |b εικ. ; |c 21 εκ. | ||
| 490 | 1 | |a (Ιστορικό-πολιτικά ντοκουμέντα / University Studio Press ; |v 4) | |
| 600 | 1 | 0 | |a Μεταξάς, Ιωάννης Π., |d 1871-1941. |
| 610 | 2 | 0 | |a Εθνική Οργάνωση Νεολαίας. |
| 650 | 0 | 0 | |a Propaganda, Fascist |z Greece |x History. |
| 650 | 0 | 0 | |a Political parties |z Greece |x History. |
| 700 | 1 | |a Πετρίδης, Παύλος Β., |d 1947-2000, |e aui |e edt | |
| 830 | 0 | |a Ιστορικο-πολιτικά ντοκουμέντα (University Studio Press) |v ; 4 | |
| 852 | |a INST |b LESVOS |e 20080418 |h 324.2495 ΕΘΝ |p 005100039642 |q 005100039642 |t BK |y 0 | ||
| 901 | |a BIBL1-2008-1 | ||
| 909 | |a Λ |b 141815 | ||
| 922 | |a 1ΕΛΗ |b 200711 |c ΕΠΕΑΕΚ2/ΤΚΑ |d Σ. Πατάκης | ||
| 970 | |a Καρά |b Γιασεμή |z 2008/04/18 | ||